Catalog

Record Details

Catalog Search



Papírák  Cover Image Book Book

Papírák / Billy O'Callaghan ; přeložil Petr Eliáš

Record details

  • ISBN: 978-80-7637-501-7
  • Physical Description: 252 stran ; 20 cm
  • Edition: Vydání první
  • Publisher: V Praze : Paseka, 2024

Content descriptions

General Note:
Přeloženo z angličtiny
Subject: Sindelar, Matthias, 1903-1939
fotbalisté > Rakousko > 20. století
soccer players > Austria > 20th century
Genre: irské romány (anglicky)
historické romány
Irish fiction (English)
historical novels

Available copies

  • 1 of 1 copy available at Common Catalog SPOK.

Holds

  • 0 current holds with 1 total copy.
Show Only Available Copies
Location Call Number / Copy Notes Barcode Shelving Location Status Due Date
The Jewish community of Prague K 3988 4638304938 K - Beletrie Available -

LDR 01631nam a2200493 i 4500
00157959
003CZ-PrJAB
00520241007180345.0
007ta
008240916s2024 xr g 000 fdcze
015 . ‡acnb003631774
020 . ‡a978-80-7637-501-7 ‡q(brožováno)
035 . ‡a(CZ PrNK)nkc20243631774
040 . ‡aABG001 ‡bcze ‡erda
0411 . ‡acze ‡heng
043 . ‡ae-au---
045 . ‡ax0x3
072 7. ‡a821.111-3 ‡xAnglická próza, anglicky psaná ‡2Konspekt ‡925
080 . ‡a821.111(415)-31 ‡2MRF
080 . ‡a796.332.071.2 ‡2MRF
080 . ‡a(436) ‡2MRF
080 . ‡a(0:82-311.6) ‡2MRF
1001 . ‡aO'Callaghan, Billy, ‡d1974- ‡7xx0245033 ‡4aut
24010. ‡aPaper man. ‡lČesky
24510. ‡aPapírák / ‡cBilly O'Callaghan ; přeložil Petr Eliáš
250 . ‡aVydání první
264 1. ‡aV Praze : ‡bPaseka, ‡c2024
300 . ‡a252 stran ; ‡c20 cm
336 . ‡atext ‡btxt ‡2rdacontent
337 . ‡abez média ‡bn ‡2rdamedia
338 . ‡asvazek ‡bnc ‡2rdacarrier
500 . ‡aPřeloženo z angličtiny
60017. ‡aSindelar, Matthias, ‡d1903-1939 ‡7js20070209020 ‡2czenas
648 7. ‡a20. století ‡7ch460558 ‡2czenas
648 4. ‡a1903-1939
65007. ‡afotbalisté ‡7ph114579 ‡zRakousko ‡y20. století ‡2czenas
65009. ‡asoccer players ‡zAustria ‡y20th century ‡2eczenas
655 7. ‡airské romány (anglicky) ‡7fd132475 ‡2czenas
655 7. ‡ahistorické romány ‡7fd132414 ‡2czenas
655 9. ‡aIrish fiction (English) ‡2eczenas
655 9. ‡ahistorical novels ‡2eczenas
7001 . ‡aEliáš, Petr, ‡d1986- ‡7xx0079819 ‡4trl
910 . ‡aABE461
995 . ‡aska
901 . ‡a57959 ‡bAUTOGEN ‡c57959 ‡tbiblio

Additional Resources